000 00869pam a2200277 a 4500
005 20260322212059.0
008 data
010 _a86017646 /AC
020 _a0899194079
020 _a9780899194073
043 _af-ua---
050 0 _aDT62.M7
_bP49 1987
092 _a932 P49 1987
100 1 _aPerl, Lila.
245 1 0 _aMummies, tombs, and treasure :
_bsecrets of Ancient Egypt /
_cLila Perl & Erika Weihs.
260 _aNew York :
_bClarion Books,
_cc1987.
300 _a120 p. :
_bill. ;
_c24 cm.
500 _aIncludes index.
504 _aBibliography: p. 113-114.
520 _aText and photographs examine the mummies and tombs of ancient Egypt.
650 0 _aMummies
_zEgypt
_xJuvenile literature.
650 0 _aTombs
_zEgypt
_xJuvenile literature.
651 0 _aEgypt
_xJuvenile literature.
_xJuvenile literature.
700 1 _aWeihs, Erika.
001 data
999 _c1422
_d1422